00425nam a2200145Ia 4500008004100000041000900041082001800050100002300068245002100091260003900112300000800151650000800159999001700167952009500184230718s9999 xx 000 0 und d aEng. a346.02bKAM-A aKamal, Asmat Kchan 0aAqua tae Controa aPakistanbLaw Book Publishedc2005 a287 aLaw c29416d29416 00104070aSIRC-LbSIRC-Ld2023-07-18l0o346.02 KAM-Ap24367r2023-07-18w2023-07-18yBK